| 000 | 00922nam a2200337 a 4500 | ||
|---|---|---|---|
| 999 |
_c7531 _d7531 |
||
| 001 | 7531 | ||
| 003 | BD - JhCC | ||
| 005 | 20181006122824.0 | ||
| 008 | 891204s1989 enk b 001 0 eng d | ||
| 020 | _a1850650519 (Hurst) | ||
| 020 | _a0312037090 (St. Martin's) | ||
| 035 | _a(BD - JhCC)7531 | ||
| 040 |
_aDLC _cDLC _dBD-JhCC |
||
| 041 | _aeng | ||
| 050 | 0 |
_aDA990.U46 _bA87 1989 |
|
| 082 |
_a301.31 _220 _bWAG 1973 |
||
| 100 | 1 | _aWagner, Kenneth A. | |
| 245 | 1 | 0 |
_aUnder siege : _bMan, Men, and Earth _cKenneth A. Wagner, Paul C. Bailey and Glenn H. Campbell |
| 260 |
_aLondon : _bHurst, _c1989 |
||
| 263 | _a8912 | ||
| 300 |
_axv, 214 p. ; _c22 cm |
||
| 500 | _adbd | ||
| 650 | _aEcology | ||
| 650 | _aHuman ecology | ||
| 650 | _aPopulation | ||
| 650 | _aHuman beings--Effect of environment on | ||
| 700 | _aBailey, Paul C. | ||
| 700 | _aCampbell, Glenn H. | ||
| 942 |
_2ddc _cBK |
||